| 000 | 01014nam a22002537a 4500 | ||
|---|---|---|---|
| 999 |
_c5045 _d5045 |
||
| 003 | AR-CdUCM | ||
| 008 | 190311b ||||| |||| 00| 0 spa d | ||
| 040 |
_aMUNICIPALIDAD PROVINCIAL DEL CUSCO _cBIBLIOTECA MUNICIPAL DEL CUSCO |
||
| 082 |
_a980 / _bB81 |
||
| 100 |
_aBrandenburg, Frank _915412 |
||
| 245 | _aDesarrollo de la Empresa Privada Latinoamericana / | ||
| 260 |
_aColombia : _bEdiciones Tercer Mundo ; _c1965. |
||
| 300 |
_a171 páginas ; _bTablas _c24cm |
||
| 440 |
_aColección Aventura del Desarrollo _n6 _915413 |
||
| 505 | _aContenido: La empresa privada y la alianza para el progreso -- Empresarios latinoamericanos -- Gobierno y empresas -- La inversión privada extranjera y la empresa latinoamericana... | ||
| 650 |
_aAmérica latina _915414 |
||
| 650 |
_aContribución _915415 |
||
| 650 |
_aInversión extranjera _915416 |
||
| 650 |
_aInversión privada _95081 |
||
| 650 |
_aDesarrollo _92021 |
||
| 700 |
_aPanesso, Antonio (traducción) _915417 |
||
| 942 |
_2ddc _cLIBROS |
||
| 945 | _anom | ||